| 000 | 01652nam a2200265Ia 4500 | ||
|---|---|---|---|
| 999 |
_c56158 _d56158 |
||
| 001 | 23259 | ||
| 003 | GE_BSU | ||
| 005 | 20251106150457.0 | ||
| 008 | 181216s1980||||ge |||||||||||||| ||geo|| | ||
| 040 | _cGE_BSU | ||
| 041 | _ageo | ||
| 080 | _a323.1(479.22) + 94(479.22) ბ-48 | ||
| 100 |
_aბენდიანიშვილი, ალექსანდრე _95481 |
||
| 245 |
_aეროვნული საკითხი საქართველოში, 1801-1921 წწ. / _cალექსანდრე ბენდიანიშვილი ; რედ. : გრ. მარგიანი ; მხატვ. ; საქ. სსრ მეცნ. აკად., ივ. ჯავახიშვილის სახ. ისტორიის, არქეოლ. და ეთნოგრ. ინ-ტი. ; |
||
| 264 |
_aთბილისი : _bმეცნიერება, _c1980. |
||
| 300 |
_a275 გვ. ; _c22 სმ. |
||
| 504 | _aბიბლიოგრ. ტექსტის შენიშვნ. | ||
| 520 | _aრეზ. რუსულ ენაზე | ||
| 541 | _h1ლ. 20თ. | ||
| 653 | _aეროვნული საკითხი საქართველოში, 1801-1921 წწ. | ||
| 700 |
_aმარგიანი, გრ. _eრედაქრორი _926168 |
||
| 700 |
_aხმალაძე, ვ. _eმხატვარი _918022 |
||
| 710 |
_aსაქ. სსრ მეცნ. აკადემია _bივ. ჯავახიშვილის სახ. ისტორიის, არქეოლ. და ეთნოგრ. ინ-ტი _926169 |
||
| 942 |
_cBK _2udc |
||